000 00603nam a2200241Ia 4500
003 OSt
005 20221007074824.0
006 a|||||r|||| 00| 0
007 ta
008 221006b |||||||| |||| 00| 0 eng d
024 _a32,031
037 _cTextual
040 _aFLL
_cFLL
_beng
041 _2eng
_aeng
082 _aZ,91, N4
100 _aDias RWM
_9693214
245 0 _aJurisprudence
250 _a5th
260 _aNew Delhi
_bAditya Books Private Limited India
_c1994
300 _axxvi,520p
_ccm.
942 _hZ,91, N4
_cTEXL
_2CC
999 _c1153798
_d1153798